| 000 | 00447cam a2200169ua 4500 | ||
|---|---|---|---|
| 003 | OSt | ||
| 008 | 250823b |||||||| |||| 00| 0 eng d | ||
| 020 | _a81-204-0507-2 | ||
| 041 | _aeng | ||
| 082 |
_a627.52 _bSHA/TE |
||
| 100 | _aSharma . , R.K . | ||
| 245 | _aText book of Irrigation Engineering Vol III / | ||
| 260 |
_aNew Delhi : _bOxford & IBH Publishing company , _c1993. |
||
| 300 | _a278 ; . | ||
| 700 | 1 | _aSharma , T.K . | |
| 942 | _cBK | ||
| 999 |
_c2757 _d2757 |
||